| 000 | 00490nam a22001577a 4500 | ||
|---|---|---|---|
| 008 | 210302b ||||| |||| 00| 0 eng d | ||
| 020 | _a 0802804330 : | ||
| 050 |
_a BV3790 _b.A27 1989 |
||
| 100 | _aAbraham, William | ||
| 245 |
_a The logic of evangelism / _cWilliam J. Abraham. |
||
| 260 |
_a Grand Rapids, Mich. : _bW.B. Eerdmans, _c1989. |
||
| 300 |
_aix, 245 p. ; _c22 cm. |
||
| 500 | _a Includes bibliographical references. | ||
| 650 | _aEvangelistic work. | ||
| 942 |
_2lcc _cBK |
||
| 999 |
_c56110 _d56110 |
||